[Event "chess.com SpeedChess 2022"]
[Site "chess.com INT"]
[Date "2022.11.28"]
[Round "1.19"]
[White "Nepomniachtchi, Ian"]
[Black "Vachier-Lagrave, Maxime"]
[Result "1/2-1/2"]
[WhiteTitle "GM"]
[BlackTitle "GM"]
[WhiteElo "2793"]
[BlackElo "2736"]
[WhiteFideId "4168119"]
[BlackFideId "623539"]
[EventDate "2022.11.23"]
[EventType "k.o."]

1. e4 c5 2. Nf3 d6 3. d4 cxd4 4. Nxd4 Nf6 5. Nc3 a6 6. Be2 e5 7. Nb3 Be7 8. O-O
O-O 9. Be3 Be6 10. Re1 Nc6 11. Qd2 Na5 12. Nxa5 Qxa5 13. Nd5 Qd8 14. Nxe7+ Qxe7
15. f3 d5 16. exd5 Nxd5 17. c4 Nxe3 18. Qxe3 Qc7 19. Rac1 Rfd8 20. Bf1 f6 21. f4
Bf7 22. fxe5 Re8 23. Qg3 Rxe5 24. Rxe5 fxe5 25. Qe3 Re8 26. b4 e4 27. a4 h6 28.
c5 Qe5 29. b5 axb5 30. axb5 Rc8 31. g3 Kh7 32. Qc3 Qg5 33. h4 Qe7 34. Qe3 Qe5
35. Bg2 Bg6 36. Kh2 Rd8 37. Rc3 Bf5 38. c6 bxc6 39. bxc6 Qe7 40. c7 Rc8 41. Qf4
g6 42. h5 Qg5 43. hxg6+ Kxg6 44. Rc6+ Kf7 45. Qe5 Bd7 46. Qxg5 hxg5 47. Rc1 Re8
48. Rd1 Bc8 49. Rd8 e3 50. Bc6 Rf8 51. Rd3 Ke7 52. Bb5 e2 53. Re3+ Kd6 54. Rxe2
Kxc7 55. Rd2 Rd8 56. Re2 Kd6 57. Ba4 Rf8 58. Bb3 Bb7 59. Re6+ Kc5 60. Re5+ Kd4
61. Rxg5 Rh8+ 62. Kg1 Ke3 63. Re5+ Be4 64. Rxe4+ Kxe4 65. Kg2 Ke5 1/2-1/2

[Event "chess.com SpeedChess 2022"]
[Site "chess.com INT"]
[Date "2022.11.28"]
[Round "1.21"]
[White "Vachier-Lagrave, Maxime"]
[Black "Nepomniachtchi, Ian"]
[Result "1-0"]
[WhiteTitle "GM"]
[BlackTitle "GM"]
[WhiteElo "2736"]
[BlackElo "2793"]
[WhiteFideId "623539"]
[BlackFideId "4168119"]
[EventDate "2022.11.23"]
[EventType "k.o."]

1. e4 e5 2. Nf3 Nc6 3. Bb5 Nf6 4. O-O Nxe4 5. Re1 Nd6 6. Nxe5 Be7 7. Bf1 Nxe5 8.
Rxe5 O-O 9. d4 Bf6 10. Re1 Re8 11. Rxe8+ Nxe8 12. d5 c6 13. Nc3 Bxc3 14. bxc3
cxd5 15. Qxd5 Nc7 16. Qf3 d5 17. Bf4 Ne6 18. Be5 Ng5 19. Qe3 Bf5 20. c4 d4 21.
Bxd4 Ne6 22. Bxa7 Bxc2 23. a4 h6 24. a5 Rc8 25. Bb6 Qd7 26. c5 Ba4 27. a6 bxa6
28. Bxa6 Re8 29. Bf1 Bc6 30. h3 Nd4 31. Ra7 Qd5 32. Re7 Nf3+ 33. gxf3 Rxe7 34.
Qxe7 Qxf3 35. Qd8+ 1-0

[Event "chess.com SpeedChess 2022"]
[Site "chess.com INT"]
[Date "2022.11.28"]
[Round "1.22"]
[White "Nepomniachtchi, Ian"]
[Black "Vachier-Lagrave, Maxime"]
[Result "1/2-1/2"]
[WhiteTitle "GM"]
[BlackTitle "GM"]
[WhiteElo "2793"]
[BlackElo "2736"]
[WhiteFideId "4168119"]
[BlackFideId "623539"]
[EventDate "2022.11.23"]
[EventType "k.o."]

1. e4 c5 2. Nf3 d6 3. d4 cxd4 4. Nxd4 Nf6 5. Nc3 a6 6. Be2 e5 7. Nb3 Be7 8. O-O
O-O 9. Re1 Be6 10. Be3 Nc6 11. Qd2 Re8 12. Red1 Na5 13. Nxa5 Qxa5 14. Nd5 Qxd2
15. Nxf6+ gxf6 16. Rxd2 Rac8 17. a4 f5 18. exf5 Bxf5 19. c4 Be6 20. b3 f5 21.
Rad1 Bd7 22. a5 Bc6 23. f4 Bf8 24. Kf2 Be4 25. Bf3 Bxf3 26. Kxf3 Kf7 27. fxe5
Rxe5 28. Rd5 Ke6 29. h3 Be7 30. R1d3 h5 31. Bd2 Rxd5 32. Rxd5 Rc5 33. Rd3 Re5
34. Bc3 Re4 35. Rd5 Bg5 36. Bb4 Re3+ 37. Kf2 Rxb3 38. Rxd6+ Ke5 39. Bc5 Be3+ 40.
Ke2 Bxc5 41. Rd5+ Kf4 42. Rxc5 Rb2+ 43. Kf1 h4 44. Rc7 Rb1+ 45. Kf2 Rb2+ 46. Kf1
Rb1+ 47. Kf2 Rb2+ 48. Kf1 1/2-1/2

[Event "chess.com SpeedChess 2022"]
[Site "chess.com INT"]
[Date "2022.11.28"]
[Round "1.23"]
[White "Vachier-Lagrave, Maxime"]
[Black "Nepomniachtchi, Ian"]
[Result "0-1"]
[WhiteTitle "GM"]
[BlackTitle "GM"]
[WhiteElo "2736"]
[BlackElo "2793"]
[WhiteFideId "623539"]
[BlackFideId "4168119"]
[EventDate "2022.11.23"]
[EventType "k.o."]

1. e4 e5 2. Nf3 Nc6 3. Bb5 a6 4. Ba4 Nf6 5. O-O Be7 6. d3 b5 7. Bb3 d6 8. a3 O-O
9. Nc3 Na5 10. Ba2 Be6 11. b4 Bxa2 12. Rxa2 Nc6 13. Bg5 Nd7 14. Bd2 Nf6 15. Re1
Qd7 16. Nd5 a5 17. Qb1 Rfb8 18. Nxe7+ Qxe7 19. bxa5 Nxa5 20. Rb2 Qe8 21. h3 h6
22. Qa2 Nb7 23. Reb1 Nc5 24. Be3 Na4 25. Rb3 c5 26. Nd2 d5 27. exd5 Nxd5 28. Ne4
b4 29. Bxc5 Nxc5 30. Nxc5 Nc3 31. Rxc3 bxc3 32. Rb3 Rxb3 33. Qxb3 Qe7 34. Na4
Qc7 35. Nxc3 Rc8 36. Nd5 Qxc2 37. Ne7+ Kf8 38. Qb4 Re8 39. Nf5+ Kg8 40. Qb5 Re6
41. g4 e4 42. dxe4 Qxe4 43. Ne3 Qf3 44. Qf1 Rd6 45. Qg2 Qxg2+ 46. Kxg2 Ra6 47.
Kg3 Rxa3 48. h4 Kf8 49. h5 Ke7 50. Kf4 Ke6 51. Nf5 Kf6 52. Ng3 Ra4+ 53. Ne4+ Ke6
54. f3 Rb4 55. Ke3 Ke5 56. Ng3 Rb3+ 57. Kf2 Kf4 58. Ne2+ Kg5 59. Kg3 f5 60. Nd4
f4+ 61. Kg2 Rd3 62. Nf5 Rd2+ 63. Kg1 g6 64. hxg6 Kxg6 65. Nh4+ Kg5 66. Ng2 Ra2
67. Kf1 Ra1+ 68. Kf2 Rh1 69. Ke2 Rh2 70. Kf1 Rh1+ 71. Kf2 h5 72. gxh5 Rxh5 73.
Kf1 Rh1+ 74. Kf2 Kf5 75. Ke2 Ke5 76. Kd3 Rh3 77. Ne1 Rh2 78. Nc2 Rf2 79. Nd4
Rd2+ 0-1

[Event "chess.com SpeedChess 2022"]
[Site "chess.com INT"]
[Date "2022.11.28"]
[Round "1.24"]
[White "Nepomniachtchi, Ian"]
[Black "Vachier-Lagrave, Maxime"]
[Result "0-1"]
[WhiteTitle "GM"]
[BlackTitle "GM"]
[WhiteElo "2793"]
[BlackElo "2736"]
[WhiteFideId "4168119"]
[BlackFideId "623539"]
[EventDate "2022.11.23"]
[EventType "k.o."]

1. e4 c5 2. Nf3 d6 3. d4 cxd4 4. Nxd4 Nf6 5. Nc3 a6 6. Be2 e5 7. Nb3 Be7 8. O-O
O-O 9. Re1 Be6 10. Be3 Nbd7 11. a4 Rc8 12. a5 Rc6 13. Qd3 Qc7 14. Rec1 Bc4 15.
Qd2 Bxe2 16. Qxe2 Rc8 17. f3 Rxc3 18. bxc3 d5 19. exd5 Nxd5 20. Bd2 Nxc3 21.
Bxc3 Qxc3 22. Kh1 h6 23. Rab1 Bg5 24. Rd1 Nf8 25. Qe4 Rc7 26. Nc1 Qxa5 27. Nd3
Ng6 28. Rxb7 Rxc2 29. Nxe5 Qd2 30. Rg1 Be3 31. f4 Rc1 32. Nf3 Bxg1 33. Rb8+ Kh7
34. Rb1 Be3+ 0-1

[Event "chess.com SpeedChess 2022"]
[Site "chess.com INT"]
[Date "2022.11.28"]
[Round "1.25"]
[White "Vachier-Lagrave, Maxime"]
[Black "Nepomniachtchi, Ian"]
[Result "1-0"]
[WhiteTitle "GM"]
[BlackTitle "GM"]
[WhiteElo "2736"]
[BlackElo "2793"]
[WhiteFideId "623539"]
[BlackFideId "4168119"]
[EventDate "2022.11.23"]
[EventType "k.o."]

1. e4 e5 2. Nf3 Nc6 3. Bb5 a6 4. Ba4 Nf6 5. O-O Be7 6. Re1 b5 7. Bb3 O-O 8. a4
Rb8 9. d3 d6 10. axb5 axb5 11. h3 h6 12. Nc3 Nb4 13. Ne2 c5 14. Ng3 Qc7 15. Bd2
Nc6 16. c3 c4 17. Bc2 cxd3 18. Bxd3 Be6 19. Nh4 Rfd8 20. Nhf5 Bf8 21. Qf3 Nh7
22. Ne3 Ne7 23. Ngf5 Nf6 24. Nxh6+ gxh6 25. Qxf6 d5 26. exd5 Bg7 27. Qf3 Nxd5
28. Nf5 Nf4 29. Bxf4 exf4 30. Nxg7 Kxg7 31. Re4 Bf5 32. Rd4 Rxd4 33. cxd4 Bxd3
34. Qxd3 Qd6 35. d5 b4 36. b3 Qe5 37. Rd1 Rd8 38. d6 Rd7 39. Qd4 Qxd4 40. Rxd4
f3 41. g4 Kf6 42. Kh2 Ke5 43. Rxb4 Rxd6 44. Kg3 Rd3 45. Rf4 1-0

[Event "chess.com SpeedChess 2022"]
[Site "chess.com INT"]
[Date "2022.11.28"]
[Round "1.27"]
[White "Nepomniachtchi, Ian"]
[Black "Vachier-Lagrave, Maxime"]
[Result "1-0"]
[WhiteTitle "GM"]
[BlackTitle "GM"]
[WhiteElo "2793"]
[BlackElo "2736"]
[WhiteFideId "4168119"]
[BlackFideId "623539"]
[EventDate "2022.11.23"]
[EventType "k.o."]

1. Nf3 Nf6 2. c4 c5 3. Nc3 Nc6 4. e3 e6 5. d4 d5 6. a3 dxc4 7. Bxc4 a6 8. Ba2 b5
9. Qc2 Qb6 10. O-O Bb7 11. d5 exd5 12. Nxd5 Nxd5 13. Bxd5 Be7 14. Qe4 Nd8 15.
Rd1 Bxd5 16. Rxd5 Qg6 17. Rf5 Rc8 18. h4 Qc6 19. Rd5 Qg6 20. Rf5 Qc6 21. Qg4 O-O
22. e4 Ne6 23. h5 Rcd8 24. Bh6 Kh8 25. Ne5 Qe8 26. Be3 Bd6 27. Nf3 c4 28. h6 g6
29. Rd5 Bc7 30. Rad1 Kg8 31. Bd2 Qc6 32. Bc3 Rfe8 33. Qh4 1-0

[Event "chess.com SpeedChess 2022"]
[Site "chess.com INT"]
[Date "2022.11.28"]
[Round "1.28"]
[White "Vachier-Lagrave, Maxime"]
[Black "Nepomniachtchi, Ian"]
[Result "1/2-1/2"]
[WhiteTitle "GM"]
[BlackTitle "GM"]
[WhiteElo "2736"]
[BlackElo "2793"]
[WhiteFideId "623539"]
[BlackFideId "4168119"]
[EventDate "2022.11.23"]
[EventType "k.o."]

1. e4 d6 2. d4 g6 3. Nf3 Bg7 4. Bc4 e6 5. Bb3 b6 6. c3 Bb7 7. Nbd2 Nd7 8. O-O
Ngf6 9. Re1 O-O 10. Bc2 c5 11. Nf1 b5 12. Ng3 a5 13. h3 b4 14. e5 dxe5 15. dxe5
Bxf3 16. gxf3 Nd5 17. f4 bxc3 18. bxc3 Nxc3 19. Qf3 Nd5 20. Bd2 Qh4 21. Qg4 Qxg4
22. hxg4 g5 23. Ba4 gxf4 24. Bxd7 fxg3 25. f4 Rfd8 26. Bc6 Rac8 27. Bxa5 Nxf4
28. Bxd8 Rxd8 29. Re4 Bh6 30. Rf1 Ng6 31. Kg2 Rd3 32. Bb5 Nh4+ 33. Kh3 g2+ 34.
Bxd3 gxf1=Q+ 35. Bxf1 Nf3 36. Kg2 Nd4 37. a4 Bd2 38. g5 Kg7 39. Bd3 Kf8 40. Rh4
Bxg5 41. Rxh7 Bd2 42. Rh8+ Ke7 43. Ra8 Nc6 44. Bb5 Nxe5 45. a5 c4 46. a6 Be3 47.
Rc8 f5 48. Kf1 Kd6 49. Ke2 f4 50. Rb8 Bc5 51. Rb7 f3+ 52. Kf1 Ng4 53. Bxc4 Ne3+
54. Kf2 Nxc4+ 55. Kxf3 Kc6 56. Ke4 Nd6+ 57. Ke5 Nxb7 58. axb7 Kxb7 59. Kxe6 1/2-1/2

[Event "chess.com SpeedChess 2022"]
[Site "chess.com INT"]
[Date "2022.11.28"]
[Round "1.29"]
[White "Nepomniachtchi, Ian"]
[Black "Vachier-Lagrave, Maxime"]
[Result "0-1"]
[WhiteTitle "GM"]
[BlackTitle "GM"]
[WhiteElo "2793"]
[BlackElo "2736"]
[WhiteFideId "4168119"]
[BlackFideId "623539"]
[EventDate "2022.11.23"]
[EventType "k.o."]

1. Nf3 c5 2. c4 Nc6 3. Nc3 e5 4. e3 Nf6 5. a3 Be7 6. d4 exd4 7. exd4 cxd4 8.
Nxd4 d5 9. cxd5 Nxd5 10. Nxc6 bxc6 11. Nxd5 Qxd5 12. Qxd5 cxd5 13. Be3 O-O 14.
Bd4 Re8 15. O-O-O Bf5 16. Bd3 Rac8+ 17. Kb1 Bxd3+ 18. Rxd3 Bc5 19. Rhd1 Bxd4 20.
Rxd4 Re2 21. R1d2 Rxd2 22. Rxd2 Rd8 23. Rc2 Kf8 24. Rc7 a6 25. Kc2 Rd6 26. Kd3
Rf6 27. f3 Rh6 28. h3 Rg6 29. Rc2 Ke7 30. Kd4 Kd6 31. b4 Rf6 32. Rc5 Rf4+ 33.
Kd3 Rf6 34. Ke3 g5 35. Kd4 Rf4+ 36. Kd3 Rf6 37. Rc8 Ke5 38. Ke3 Re6 39. Ra8 h5
40. Ra7 f5 41. Rd7 h4 42. Rd8 Re7 43. Rg8 d4+ 44. Kf2 Kd5 45. Rxg5 d3 46. Rxf5+
Kd4 47. Rf8 d2 48. Rd8+ Kc3 49. Rc8+ Kd3 50. Rd8+ Kc2 51. Rc8+ Kd1 52. f4 Re2+
53. Kf1 Re4 54. Rf8 Rd4 0-1

[Event "chess.com SpeedChess 2022"]
[Site "chess.com INT"]
[Date "2022.11.28"]
[Round "1.210"]
[White "Vachier-Lagrave, Maxime"]
[Black "Nepomniachtchi, Ian"]
[Result "0-1"]
[WhiteTitle "GM"]
[BlackTitle "GM"]
[WhiteElo "2736"]
[BlackElo "2793"]
[WhiteFideId "623539"]
[BlackFideId "4168119"]
[EventDate "2022.11.23"]
[EventType "k.o."]

1. e4 g6 2. d4 d6 3. Nf3 Bg7 4. Bc4 c6 5. Bb3 a5 6. a3 Nf6 7. Qe2 O-O 8. h3 b5
9. O-O Ba6 10. Rd1 e6 11. e5 dxe5 12. dxe5 Nd5 13. Nc3 b4 14. Qe1 bxc3 15. bxc3
Qc7 16. c4 Nb6 17. Qc3 a4 18. Ba2 N8d7 19. Bf4 c5 20. h4 Bb7 21. h5 Bxf3 22.
Qxf3 Bxe5 23. Bxe5 Qxe5 24. Rab1 Rab8 25. h6 Qg5 26. g3 Qxh6 27. Kg2 Qg5 28. Rb5
h5 29. c3 Ne5 30. Qe4 Nbd7 31. f4 Qg4 32. Rd2 h4 33. Qe3 h3+ 34. Kh1 Nf3 35. Rf2
Ne1 36. Kh2 Ng2 37. Qe2 Nf6 38. Rxc5 Kg7 39. Rg5 Qxe2 40. Rxe2 Rh8 41. c5 Ne3
42. c6 Nfg4+ 43. Kh1 Rbd8 0-1

[Event "chess.com SpeedChess 2022"]
[Site "chess.com INT"]
[Date "2022.11.28"]
[Round "1.31"]
[White "Nepomniachtchi, Ian"]
[Black "Vachier-Lagrave, Maxime"]
[Result "0-1"]
[WhiteTitle "GM"]
[BlackTitle "GM"]
[WhiteElo "2793"]
[BlackElo "2736"]
[WhiteFideId "4168119"]
[BlackFideId "623539"]
[EventDate "2022.11.23"]
[EventType "k.o."]

1. Nf3 Nf6 2. c4 c5 3. Nc3 e6 4. e3 b6 5. d4 Bb7 6. d5 exd5 7. cxd5 d6 8. e4
Nbd7 9. h3 g6 10. Bf4 a6 11. Bd3 b5 12. O-O Be7 13. Bh6 Bf8 14. Qd2 Bxh6 15.
Qxh6 Qe7 16. Rfe1 Ne5 17. Nxe5 Qxe5 18. Rad1 g5 19. h4 g4 20. Ne2 Rg8 21. Ng3 c4
22. Bf1 O-O-O 23. b3 c3 24. b4 Kb8 25. Qe3 Rc8 26. a4 bxa4 27. Ra1 c2 28. Rxa4
Rc3 29. Qb6 Nd7 30. Qa5 c1=Q 31. Rxc1 Rxc1 32. b5 Qc3 33. bxa6 Qxa5 34. Rxa5 Bc8
35. Kh2 Ka7 36. Ra2 Nc5 37. Be2 Bxa6 38. Bxa6 Nxa6 39. Nf5 Rd8 40. Kg3 Rc4 41.
Kf4 Kb6 42. Rb2+ Rb4 43. Re2 Nc5 44. f3 gxf3 45. gxf3 f6 46. Ne7 Re8 47. Nc6 Rb3
48. Rg2 Nd3+ 49. Kf5 Ne1 0-1

[Event "chess.com SpeedChess 2022"]
[Site "chess.com INT"]
[Date "2022.11.28"]
[Round "1.32"]
[White "Vachier-Lagrave, Maxime"]
[Black "Nepomniachtchi, Ian"]
[Result "1-0"]
[WhiteTitle "GM"]
[BlackTitle "GM"]
[WhiteElo "2736"]
[BlackElo "2793"]
[WhiteFideId "623539"]
[BlackFideId "4168119"]
[EventDate "2022.11.23"]
[EventType "k.o."]

1. e4 g6 2. Nc3 Bg7 3. d4 d6 4. Nf3 a6 5. a4 Nc6 6. Be3 Bg4 7. Be2 Nf6 8. Nd2
Bxe2 9. Qxe2 Nd7 10. Nb3 O-O 11. O-O Nb6 12. a5 Nd7 13. Rad1 e6 14. d5 exd5 15.
exd5 Nce5 16. f4 Re8 17. fxe5 Nxe5 18. Bf4 Qd7 19. h3 Re7 20. Bxe5 Bxe5 21. Qf3
Rae8 22. Kh1 Bg7 23. Rd3 h5 24. Nd2 f5 25. Nc4 Bh6 26. Qg3 Kh7 27. Qf2 f4 28.
Nd2 Qf5 29. Nf3 Re3 30. Nd4 Qf6 31. Rxe3 1-0

[Event "chess.com SpeedChess 2022"]
[Site "chess.com INT"]
[Date "2022.11.28"]
[Round "1.33"]
[White "Nepomniachtchi, Ian"]
[Black "Vachier-Lagrave, Maxime"]
[Result "1-0"]
[WhiteTitle "GM"]
[BlackTitle "GM"]
[WhiteElo "2793"]
[BlackElo "2736"]
[WhiteFideId "4168119"]
[BlackFideId "623539"]
[EventDate "2022.11.23"]
[EventType "k.o."]

1. Nf3 Nf6 2. c4 g6 3. Nc3 Bg7 4. e4 d6 5. d4 O-O 6. Be2 e5 7. O-O Nc6 8. d5 Ne7
9. b4 a5 10. bxa5 Rxa5 11. a4 Nd7 12. Ba3 h6 13. Bb4 Ra8 14. a5 f5 15. Nd2 Nf6
16. c5 dxc5 17. Bxc5 Ne8 18. Nc4 Rf6 19. Qb3 Nd6 20. Nxd6 cxd6 21. Bb6 Qf8 22.
Rfc1 Kh7 23. Qb4 Bd7 24. Rab1 Nc8 25. Be3 f4 26. Bb6 f3 27. Bxf3 Rxf3 28. gxf3
Qxf3 29. Nd1 Bh3 30. Ne3 Nxb6 31. Qxd6 Rf8 32. Qxf8 Bxf8 33. Rxb6 h5 34. Rxb7+
Kh6 35. a6 Qxe4 36. a7 Qa4 37. Rb8 Qxa7 38. Rxf8 Qe7 39. Rfc8 Qg5+ 40. Kh1 Bxc8
41. Rxc8 Qf6 42. Rc2 e4 43. Kg1 Qg5+ 44. Kf1 Qf4 45. Rd2 Qd6 46. h3 Kg5 47. Kg2
Kh4 48. Nc4 Qc5 49. d6 Qxc4 50. d7 e3 51. d8=Q+ g5 52. Rd4+ 1-0

[Event "chess.com SpeedChess 2022"]
[Site "chess.com INT"]
[Date "2022.11.28"]
[Round "1.34"]
[White "Vachier-Lagrave, Maxime"]
[Black "Nepomniachtchi, Ian"]
[Result "1-0"]
[WhiteTitle "GM"]
[BlackTitle "GM"]
[WhiteElo "2736"]
[BlackElo "2793"]
[WhiteFideId "623539"]
[BlackFideId "4168119"]
[EventDate "2022.11.23"]
[EventType "k.o."]

1. e4 d6 2. Nf3 g6 3. Bc4 Bg7 4. O-O e6 5. Bb3 Ne7 6. d4 b6 7. c3 Bb7 8. Re1 Nd7
9. Nbd2 h6 10. Nf1 Nf6 11. Ng3 c5 12. h3 g5 13. e5 dxe5 14. dxe5 Qxd1 15. Rxd1
Nd7 16. Nh5 Rg8 17. Nxg7+ Rxg7 18. Nh2 Nxe5 19. Bc2 N7g6 20. Re1 f6 21. Ng4 Nxg4
22. hxg4 Ne5 23. f3 Rd7 24. Be3 Rad8 25. Bb3 Kf7 26. Bf2 Bd5 27. Bg3 Nd3 28. Re2
Bxb3 29. axb3 e5 30. Kf1 a5 31. Rd2 Nf4 32. Rxd7+ Rxd7 33. Bxf4 gxf4 34. Ke2 Kg6
35. Rh1 b5 36. Ra1 Ra7 37. Rd1 h5 38. gxh5+ Kxh5 39. Rd5 Rc7 40. Rd6 Kg5 41. Ra6
c4 42. Rxa5 b4 43. bxc4 bxc3 44. b3 Rd7 45. Rd5 Ra7 46. Kd3 Ra2 47. Kxc3 Rxg2
48. c5 Rf2 49. Rd3 f5 50. c6 e4 51. fxe4 fxe4 52. Rd5+ Kh4 53. c7 Rf1 54. Rd2 e3
55. c8=Q exd2 56. Kxd2 Kg3 57. Qg8+ Kf2 58. Qc4 f3 59. Qh4+ Kg2 60. Ke3 f2 61.
Qg4+ Kh2 62. Kf3 1-0

[Event "chess.com SpeedChess 2022"]
[Site "chess.com INT"]
[Date "2022.11.28"]
[Round "1.35"]
[White "Nepomniachtchi, Ian"]
[Black "Vachier-Lagrave, Maxime"]
[Result "0-1"]
[WhiteTitle "GM"]
[BlackTitle "GM"]
[WhiteElo "2793"]
[BlackElo "2736"]
[WhiteFideId "4168119"]
[BlackFideId "623539"]
[EventDate "2022.11.23"]
[EventType "k.o."]

1. Nf3 Nf6 2. c4 c5 3. Nc3 e6 4. e3 d5 5. d4 Nc6 6. a3 Be7 7. cxd5 Nxd5 8. Bd3
O-O 9. O-O cxd4 10. exd4 Nf6 11. Be3 b6 12. Bc2 Bb7 13. Qd3 Re8 14. Rad1 g6 15.
h4 Rc8 16. Bg5 Na5 17. Ne5 Nd5 18. Qf3 f6 19. h5 fxe5 20. hxg6 Nf4 21. Bxf4 Bxf3
22. gxh7+ Kh8 23. Bxe5+ Bf6 0-1

[Event "chess.com SpeedChess 2022"]
[Site "chess.com INT"]
[Date "2022.11.28"]
[Round "1.36"]
[White "Vachier-Lagrave, Maxime"]
[Black "Nepomniachtchi, Ian"]
[Result "1/2-1/2"]
[WhiteTitle "GM"]
[BlackTitle "GM"]
[WhiteElo "2736"]
[BlackElo "2793"]
[WhiteFideId "623539"]
[BlackFideId "4168119"]
[EventDate "2022.11.23"]
[EventType "k.o."]

1. e4 g6 2. d4 Bg7 3. Nc3 d6 4. Nf3 Nc6 5. h3 a6 6. a4 Nf6 7. Be2 O-O 8. O-O Rb8
9. Be3 Nd7 10. Re1 e5 11. Qd2 exd4 12. Nxd4 Nce5 13. Rad1 Nc5 14. b3 Re8 15. f4
Ned7 16. Bf3 Nf6 17. Bf2 Bd7 18. e5 dxe5 19. fxe5 Nh5 20. Nde2 Rxe5 21. Bd4 Qh4
22. Bxc5 Rxc5 23. Qxd7 Bxc3 24. Nxc3 Rxc3 25. Re8+ Rxe8 26. Qxe8+ Kg7 27. Rd8
Rxf3 28. gxf3 Qg3+ 29. Kf1 Nf4 30. Qe5+ Kh6 31. Qe3 g5 32. Rd2 Qxh3+ 33. Kg1
Qg3+ 34. Kh1 Kg6 35. Qe4+ Kg7 36. Qe5+ Kg6 37. Qe4+ Kf6 38. Qd4+ Kg6 39. Qe4+ 1/2-1/2

[Event "chess.com SpeedChess 2022"]
[Site "chess.com INT"]
[Date "2022.11.28"]
[Round "1.37"]
[White "Nepomniachtchi, Ian"]
[Black "Vachier-Lagrave, Maxime"]
[Result "0-1"]
[WhiteTitle "GM"]
[BlackTitle "GM"]
[WhiteElo "2793"]
[BlackElo "2736"]
[WhiteFideId "4168119"]
[BlackFideId "623539"]
[EventDate "2022.11.23"]
[EventType "k.o."]

1. e4 c6 2. Nc3 d5 3. Nf3 dxe4 4. Nxe4 Nf6 5. Qe2 Nxe4 6. Qxe4 Qa5 7. Bc4 Bf5 8.
Qe2 e6 9. O-O Be7 10. d4 Nd7 11. c3 Qc7 12. Re1 O-O 13. a4 a5 14. Bd3 Bxd3 15.
Qxd3 Rfe8 16. g3 Rad8 17. Bf4 Bd6 18. Ng5 Nf6 19. Bxd6 Rxd6 20. Re5 Rd5 21. Rae1
Red8 22. Qf3 h6 23. Nh3 Nd7 24. R5e2 Rf5 25. Qg2 c5 26. g4 Rd5 27. g5 hxg5 28.
Nxg5 Nf6 29. Re3 cxd4 30. Rg3 dxc3 31. Ne4 Nxe4 32. Rxg7+ Kf8 33. Rg8+ Ke7 34.
Rxd8 Rg5 0-1

[Event "chess.com SpeedChess 2022"]
[Site "chess.com INT"]
[Date "2022.11.28"]
[Round "1.38"]
[White "Vachier-Lagrave, Maxime"]
[Black "Nepomniachtchi, Ian"]
[Result "0-1"]
[WhiteTitle "GM"]
[BlackTitle "GM"]
[WhiteElo "2736"]
[BlackElo "2793"]
[WhiteFideId "623539"]
[BlackFideId "4168119"]
[EventDate "2022.11.23"]
[EventType "k.o."]

1. e4 b6 2. d4 Bb7 3. Bd3 e6 4. Nf3 Nf6 5. Qe2 Bb4+ 6. c3 Be7 7. Nbd2 c5 8. e5
Nd5 9. Ne4 cxd4 10. cxd4 Nc6 11. O-O h6 12. a3 Rc8 13. Bd2 g5 14. h3 Rg8 15.
Rac1 h5 16. g4 hxg4 17. hxg4 Nf4 18. Bxf4 gxf4 19. Kh2 d5 20. exd6 Bxd6 21. Bb5
Kf8 22. Bxc6 Bxc6 23. g5 Bb8 24. Ne5 Rh8+ 25. Kg2 Qxg5+ 0-1

[Event "chess.com SpeedChess 2022"]
[Site "chess.com INT"]
[Date "2022.11.28"]
[Round "1.39"]
[White "Nepomniachtchi, Ian"]
[Black "Vachier-Lagrave, Maxime"]
[Result "0-1"]
[WhiteTitle "GM"]
[BlackTitle "GM"]
[WhiteElo "2793"]
[BlackElo "2736"]
[WhiteFideId "4168119"]
[BlackFideId "623539"]
[EventDate "2022.11.23"]
[EventType "k.o."]

1. e4 c5 2. Nc3 g6 3. Nf3 Bg7 4. d4 cxd4 5. Nxd4 Nc6 6. Be3 Nf6 7. f3 O-O 8. Bc4
Qa5 9. Qd2 Qb4 10. Bb3 Nxd4 11. Qxd4 Qxd4 12. Bxd4 d6 13. O-O-O Bd7 14. Rhe1 Bc6
15. e5 dxe5 16. Bxe5 e6 17. Ba4 Rfc8 18. Bxc6 Rxc6 19. Nb5 a6 20. Nd6 b5 21. c3
Nd5 22. Bxg7 Kxg7 23. Ne4 b4 24. Kc2 Rac8 25. Rd3 bxc3 26. Rxc3 Nxc3 27. Nxc3
Rd8 28. Re4 h5 29. a4 Rcd6 30. Re2 Rd4 31. a5 g5 32. Ne4 Kg6 33. Kc3 Rd3+ 34.
Kc4 R3d4+ 35. Kc5 R4d5+ 36. Kb6 Rb8+ 37. Kxa6 Ra8+ 38. Kb6 Rdxa5 39. Nc5 Ra2 40.
Kc7 R8a5 41. Kb6 Ra8 42. Kc7 g4 43. h4 g3 44. Rd2 R8a3 45. Ne4 Rb3 46. Rd8 Rbxb2
47. Rg8+ Kf5 48. Nxg3+ Ke5 49. Rg5+ f5 0-1

[Event "chess.com SpeedChess 2022"]
[Site "chess.com INT"]
[Date "2022.11.28"]
[Round "1.310"]
[White "Vachier-Lagrave, Maxime"]
[Black "Nepomniachtchi, Ian"]
[Result "1/2-1/2"]
[WhiteTitle "GM"]
[BlackTitle "GM"]
[WhiteElo "2736"]
[BlackElo "2793"]
[WhiteFideId "623539"]
[BlackFideId "4168119"]
[EventDate "2022.11.23"]
[EventType "k.o."]

1. e4 g6 2. d4 Bg7 3. Nf3 d6 4. h3 a6 5. c3 b5 6. Bd3 Bb7 7. O-O Nf6 8. Re1 O-O
9. a4 c5 10. axb5 axb5 11. Rxa8 Bxa8 12. dxc5 dxc5 13. e5 Nfd7 14. Bxb5 Bxf3 15.
Qxf3 Nxe5 16. Qe2 Qb6 17. Bf4 e6 18. Na3 Nbc6 19. Bxc6 Nxc6 20. Nc4 Qb5 21. Nd6
Qxe2 22. Rxe2 Rb8 23. Ne4 Rb5 24. Be3 f5 25. Nd6 Ra5 26. Nc4 Ra4 27. b3 Ra1+ 28.
Kh2 Bxc3 29. Bxc5 e5 30. Rc2 Bd4 31. Bxd4 Nxd4 32. Rd2 Nxb3 33. Rd8+ Kf7 34.
Nxe5+ 1/2-1/2

[Event "chess.com SpeedChess 2022"]
[Site "chess.com INT"]
[Date "2022.11.28"]
[Round "1.311"]
[White "Nepomniachtchi, Ian"]
[Black "Vachier-Lagrave, Maxime"]
[Result "0-1"]
[WhiteTitle "GM"]
[BlackTitle "GM"]
[WhiteElo "2793"]
[BlackElo "2736"]
[WhiteFideId "4168119"]
[BlackFideId "623539"]
[EventDate "2022.11.23"]
[EventType "k.o."]

1. c4 Nf6 2. Nc3 g6 3. g3 c5 4. Bg2 Bg7 5. Nf3 O-O 6. O-O d5 7. e3 d4 8. exd4
cxd4 9. Ne2 d3 10. Nc3 Nc6 11. Re1 Re8 12. a3 e5 13. Ng5 h6 14. Nge4 Nxe4 15.
Bxe4 f5 16. Bd5+ Kh7 17. b4 e4 18. Bb2 Nd4 19. Re3 Nc2 20. Qf1 a5 21. b5 Rb8 22.
Rc1 Nxe3 23. fxe3 b6 24. g4 Qg5 25. Qg2 Bb7 26. Ba1 Rf8 27. gxf5 Qxg2+ 28. Kxg2
gxf5 29. Bxb7 Rxb7 30. Nd5 Bxa1 31. Rxa1 Rc8 32. Rc1 Kg6 33. Kg3 Kf7 34. Kf4 Ke6
35. a4 Rg7 36. h3 Rcg8 0-1